000 00569nam a2200229Ia 4500
003 OSt
005 20220924141001.0
006 a|||||r|||| 00| 0
007 ta
008 220923b |||||||| |||| 00| 0 ben d
024 _a296789
037 _cTextual
040 _aARTS
_cARTS
_bben
041 _2ben
_aben
082 _aO157,3N26,26, L7
100 _aMahasweta devi
245 0 _aArneyar adhikari
260 _c1977
650 _aBENGALI LITERATURE
942 _hO157,3N26,26, L7
_cTEXL
_2CC
999 _c445889
_d445889